| 000 | 00412nam a2200157 a 4500 | ||
|---|---|---|---|
| 005 | 20140310183321.0 | ||
| 008 | 060302s19uu xx 00 eng d | ||
| 020 | _a0553569783 | ||
| 050 |
_aPS 3552 _b.M329 1995 |
||
| 100 | _aMargolin, Phillip. | ||
| 245 |
_aHeartstone / _cPhillip Margolin. |
||
| 260 |
_aNew York : _bBantam Books, _c1995. |
||
| 300 |
_a387 p. : _c17 cm. |
||
| 942 |
_cBK _2lcc |
||
| 999 |
_c21411 _d21411 |
||